Lesy SR, š. p. Banská Bystrica výročná správa 2001

Guardado en:
Detalles Bibliográficos
Formato: Libro
Lenguaje:eslovaco
Publicado: Banská Bystrica Lesy SR, š. p. [2002]
Materias:
Etiquetas: Agregar Etiqueta
Sin Etiquetas, Sea el primero en etiquetar este registro!

MARC

LEADER 00000nam$a2200000$$$4500
001 0004247
005 20240108123845.9
041 0 |a slo 
044 |a SK 
245 1 0 |a Lesy SR, š. p. Banská Bystrica  |b výročná správa 2001 
264 1 |a Banská Bystrica  |b Lesy SR, š. p.  |c [2002] 
300 |a 19 s. 
610 2 0 |a hospodárstvo lesné 
610 2 0 |a ochrana prostredia životného 
610 2 0 |a ochrana prírody 
610 2 0 |a drevo 
610 2 0 |a ťažba dreva 
610 2 0 |a poľovníctvo 
610 2 0 |a investície 
610 2 0 |a výkazy finančné 
610 2 0 |a výkazy účtovné